000 00573nam a2200241Ia 4500
003 OSt
005 20221007115728.0
006 a|||||r|||| 00| 0
007 ta
008 221006b |||||||| |||| 00| 0 eng d
024 _a37,987
037 _cTextual
040 _aLCO
_cLCO
_beng
041 _2eng
_aeng
082 _aV3:2:(Z), Q6
100 _aSUEUR
_9709805
245 0 _aPublic Law
_b Text, Cases, and Materials
250 _a3rd
260 _c2016
300 _a896
942 _hV3:2:(Z), Q6
_cTEXL
999 _c1207550
_d1207550